00483nam a2200193Ia 4500003000400000005001700004008004100021020001800062040000700080041000800087082001700095100006100112245002500173250000600198260003800204300001800242365001400260650001500274OSt20230505150639.0210423s2007 xx 000 0 und d a9780716767640 cAL aeng a616.079 KINK aKINDT (Thomas J);GOLDSBY (Richard A);OSBORNE (Barbara A) aKuby immunology Ed 6 a6 aNew YorkbW H Freeman & Co.c2007 axxii,574,I-27 b3659cINR aImmunology